000 00844cam a22002777a 4500
001 13936559
005 20180117032615.0
008 050420s2005 nyua b 001 0 eng
010 _a 2005297568
020 _a0071422900 (alk. paper)
035 _a(OCoLC)ocm56646719
040 _aNLM
_cNLM
_dUKM
_dCOU
_dC#P
_dDLC
041 _aeng
042 _anlmcopyc
080 _a615.1 ant
082 0 4 _a615.1 ant
_222
100 1 _a5
101 _aafar
245 1 0 _aKatzung & Trevor's pharmacology :
246 3 0 _aPharmacology
246 3 _aKatzung and Trevor's pharmacology
504 _aIncludes bibliographical references (p. 580) and index.
906 _a7
_bcbc
_ccopycat
_d2
_encip
_f20
_gy-gencatlg
942 _2ddc
_cBK
999 _c40386
_d40386